000 00221nam a2200109Ia 4500
100 _a#N/A
942 _cBK
654 _acompact disc
245 _aCompact Disc Vidio CD-Ice age
260 _b#N/A
_c2003
546 _aENGLISH
999 _c21157
_d21157